000 00382nam a2200133Ia 4500
008 231129s9999||||xx |||||||||||||| ||spa||
020 _a950-17-11-0-9
040 _bspa
082 _a[EN PROCESO DE DESCARTE] R 212.5203 B627g
100 _aBlavatsky H.P. --
245 0 _aGlosario teosofico
264 _aArgentina : Kier.
942 _2ddc
_cBKS
999 _c14541
_d14541